[Event "A-Klasse 2016 (A68)"]
[Site "Berlin-Weißensee"]
[Date "2016.05.07"]
[Round "6.1"]
[White "Witte, Ronald"]
[Black "Gebert Vangeel, Ralf"]
[Result "0-1"]
[WhiteElo "1956"]
[BlackElo "1935"]
[PlyCount "106"]
[EventDate "2016.05.04"]
[SourceDate "2016.05.04"]
[WhiteTeam "BSV 63 Chemie Weißensee"]
[BlackTeam "Mariendorfer SV 06"]

1. d4 d5 2. c4 e6 3. Nc3 {(=)} c6 4. e3 Nf6 5. Nf3 Nbd7 6. Bd3 dxc4 7. Bxc4 b5
8. Bd3 Bb7 9. O-O a6 10. e4 c5 11. d5 e5 12. b3 Bd6 13. Bb2 O-O 14. a4 b4 15.
Nb1 Bxd5 16. Nbd2 (16. exd5 e4 17. Nbd2 exd3 18. Nc4 $16) (16. Be2 Qb8 17. exd5
e4 18. Ne1 Bxh2+ 19. Kh1 Be5 $13) 16... Be6 17. Qe2 Nh5 18. Bc4 Bg4 19. h3 Nf4
20. Qe3 Bh5 21. Rfd1 Qf6 22. Kh2 Nb6 23. a5 Nc8 24. g3 Ne6 25. g4 Bg6 26. Bxe6
Qxe6 27. Nc4 f6 28. Nh4 {(=)} Bf7 29. Nf5 Be7 30. Rd5 g6 $4 31. Nxe7+ (31. Qh6
$18 gxf5 32. gxf5 Qc6 33. Rg1+ Bg6 34. fxg6) 31... Qxe7 32. Rxc5 Nd6 33. Nxd6
Qxd6 34. g5 Rae8 35. gxf6 Qxf6 36. Rac1 Qf4+ 37. Qxf4 exf4 38. f3 Rd8 39. R1c2
Bxb3 40. Rc7 Rf7 41. Rxf7 Kxf7 42. Rc7+ Ke6 43. Rc6+ Rd6 44. Rb6 Rxb6 45. axb6
Kd7 46. Bf6 Kc6 47. Be7 a5 48. Bd8 Kb7 49. Kg2 Be6 50. h4 b3 51. Bf6 Kxb6 52.
Kf2 a4 53. Bb2 Kb5 0-1

[Event "A-Klasse 2016 (A68)"]
[Site "Berlin-Weißensee"]
[Date "2016.05.07"]
[Round "6.2"]
[White "Jaeger, Andre"]
[Black "Kirchhof, Arno"]
[Result "1/2-1/2"]
[WhiteElo "1869"]
[BlackElo "1961"]
[PlyCount "41"]
[EventDate "2016.05.04"]
[SourceDate "2016.05.04"]
[WhiteTeam "SC Rochade"]
[BlackTeam "SC Zugzwang 95"]

1. d4 d5 2. c4 e6 3. Nc3 Be7 4. cxd5 exd5 5. Bf4 c6 6. Qc2 Bd6 7. Bxd6 Qxd6 8.
e3 Nf6 9. Bd3 O-O 10. Nge2 Nbd7 11. O-O Re8 12. Rae1 Nf8 13. Ng3 {(=)} Bd7 14.
f3 a6 15. Qd2 c5 16. Kh1 cxd4 17. exd4 Ng6 18. Bxg6 hxg6 19. f4 Ng4 20. h3 Nh6
21. Re5 1/2-1/2

[Event "A-Klasse 2016 (A68)"]
[Site "Berlin-Weißensee"]
[Date "2016.05.07"]
[Round "6.4"]
[White "Arndt, Uwe"]
[Black "Sappok, Marius"]
[Result "1/2-1/2"]
[WhiteElo "1959"]
[BlackElo "1981"]
[PlyCount "58"]
[EventDate "2016.05.04"]
[SourceDate "2016.05.04"]
[WhiteTeam "BSV 63 Chemie Weißensee"]
[BlackTeam "SC Zugzwang 95"]

1. d4 Nf6 2. c4 e6 3. Nf3 d5 4. cxd5 exd5 5. Qc2 c6 6. Nc3 Be7 7. Bg5 Nbd7 8.
e3 h6 9. Bh4 Nh5 10. Bxe7 Qxe7 11. Be2 Nhf6 12. Bd3 Nb6 13. O-O O-O 14. Rab1 a5
15. Nd2 Be6 16. a3 a4 17. Na2 Nc8 18. Nb4 Nd6 19. Rbc1 Nd7 20. Rfe1 Qf6 21. Nf1
Bf5 22. Ng3 Bxd3 23. Nxd3 Nc4 24. Ne2 Rfe8 25. Nc3 b5 26. Re2 Re7 27. Rce1 Ndb6
28. Nc5 g6 29. Nb1 Kg7 1/2-1/2

[Event "A-Klasse 2016 (A68)"]
[Site "Berlin-Weißensee"]
[Date "2016.05.08"]
[Round "7.1"]
[White "Kirchhof, Arno"]
[Black "Witte, Ronald"]
[Result "1/2-1/2"]
[WhiteElo "1961"]
[BlackElo "1956"]
[PlyCount "30"]
[EventDate "2016.05.04"]
[SourceDate "2016.05.04"]
[WhiteTeam "SC Zugzwang 95"]
[BlackTeam "BSV 63 Chemie Weißensee"]

1. d4 d5 2. c4 c6 3. e3 Nf6 4. Nf3 e6 5. b3 Nbd7 6. Bd3 Bd6 7. Bb2 b6 8. O-O
O-O 9. Nbd2 c5 10. Ne5 Bb7 11. f4 Ne4 12. Ndf3 cxd4 13. exd4 f6 14. Nxd7 Qxd7
15. Nd2 f5 1/2-1/2

[Event "A-Klasse 2016 (A68)"]
[Site "Berlin-Weißensee"]
[Date "2016.05.08"]
[Round "7.2"]
[White "Gebert Vangeel, Ralf"]
[Black "Poseck, Steffen"]
[Result "1/2-1/2"]
[WhiteElo "1935"]
[BlackElo "1987"]
[PlyCount "139"]
[EventDate "2016.05.04"]
[SourceDate "2016.05.04"]
[WhiteTeam "Mariendorfer SV 06"]
[BlackTeam "BSV 63 Chemie Weißensee"]

1. e4 d5 2. exd5 Nf6 3. Nf3 Nxd5 4. d4 g6 5. Be2 Bg7 6. O-O O-O 7. c4 Nb6 8.
Bf4 c5 9. Be5 Bxe5 10. dxe5 Nc6 11. Nc3 Be6 12. Qc1 Bxc4 13. Bxc4 Nxc4 14. Nb5
N4xe5 15. Nxe5 Nxe5 16. Qxc5 Nd7 17. Qe3 Qb6 18. Qe2 Nf6 19. Nc3 Rfe8 20. a4 a5
21. Rfd1 Rad8 22. Rxd8 Rxd8 23. Nb5 e6 24. Rc1 Rd5 25. h3 Rf5 26. Rc4 h5 27.
Qc2 g5 28. g3 g4 29. h4 Nd7 30. Qd2 Ne5 31. Rc8+ Kh7 32. Kg2 $2 $19 (32. Nd4
$17) 32... Nf3 33. Qe2 Kg7 34. Rc4 $4 Rd5 (34... Re5 $142) 35. b3 Rd2 36. Qf1
Qe3 37. Rc3 Qe4 38. Rc4 Qd5 (38... Nxh4+ $142 39. Kh2 Nf3+ 40. Kg2 Qe3 41. b4
Ng5) 39. Nc3 Nxh4+ 40. Kh2 Nf3+ 41. Kg2 Qd3 42. Qxd3 Rxd3 43. Kf1 Nd2+ 44. Ke2
Nxc4 45. Kxd3 Nd6 46. Kd4 b6 (46... Kf6 $142) 47. Ke5 Ne8 $6 {
ab hier wird der Gewinn deutlich schwerer.} (47... Nb7 $142) 48. Ne4 Kf8 49.
Nd2 Nc7 50. Kf6 {(=)} Nd5+ 51. Kg5 f5 52. Kxh5 Kf7 53. Kg5 Ke7 54. Nc4 Kf7 55.
Ne5+ Kg7 56. Nc4 Kh7 57. Ne5 Kg7 58. Nd7 Kf7 59. Ne5+ Ke7 60. Nc4 Kd7 61. Ne5+
Kd6 62. Nd3 Nb4 63. Nb2 Ke5 64. Nc4+ Kd4 65. Kf6 Kc3 66. Kxe6 Kxb3 67. Nxb6 Nd3
68. Kxf5 Nc5 69. Kxg4 Nxa4 70. Nxa4 1/2-1/2

[Event "A-Klasse 2016 (A68)"]
[Site "Berlin-Weißensee"]
[Date "2016.05.08"]
[Round "7.3"]
[White "Sappok, Marius"]
[Black "Jaeger, Andre"]
[Result "1/2-1/2"]
[WhiteElo "1981"]
[BlackElo "1869"]
[PlyCount "36"]
[EventDate "2016.05.04"]
[SourceDate "2016.05.04"]
[WhiteTeam "SC Zugzwang 95"]
[BlackTeam "SC Rochade"]

1. d4 Nf6 2. c4 d6 3. Nc3 Bf5 {(=)} 4. f3 e5 5. d5 e4 6. Qd4 c5 7. Qe3 Bg6 8.
Nh3 Qe7 9. Nf2 exf3 10. exf3 Na6 11. Qxe7+ Bxe7 12. Bd3 Nb4 13. Bxg6 hxg6 14.
O-O Nc2 15. Rb1 Kd7 16. Nd3 Rh4 17. Rf2 Nd4 18. g3 Rh7 1/2-1/2

[Event "A-Klasse 2016 (A68)"]
[Site "Berlin-Weißensee"]
[Date "2016.05.08"]
[Round "7.4"]
[White "Hoppensack, Manfred"]
[Black "Arndt, Uwe"]
[Result "1/2-1/2"]
[WhiteElo "1778"]
[BlackElo "1959"]
[PlyCount "116"]
[EventDate "2016.05.04"]
[SourceDate "2016.05.04"]
[WhiteTeam "SC Friesen Lichtenberg"]
[BlackTeam "BSV 63 Chemie Weißensee"]

1. e4 c6 2. Nc3 d5 3. Qf3 dxe4 4. Nxe4 Nd7 5. Bc4 Ne5 6. Qb3 Nxc4 7. Qxc4 e6 8.
Nf3 Be7 9. d3 Nf6 10. Be3 O-O 11. O-O Qd5 12. Nxf6+ Bxf6 13. Qxd5 exd5 14. Bd4
Bd8 15. Rfe1 b6 16. Be5 Re8 17. Bd6 Rxe1+ 18. Rxe1 Bd7 19. Ne5 Be8 20. d4 f6
21. Nd3 Kf7 22. c3 a5 23. a3 Bd7 24. f3 h5 25. Nf4 g6 26. Kf2 Ra7 27. g3 Bc8
28. Ne2 g5 29. h4 Rd7 30. Bb8 Rb7 31. Bd6 Ke6 32. Bf8 Rf7 33. Bh6 (33. Nf4+ Kd7
(33... Kf5 34. Re8 gxf4 35. Rxd8 fxg3+ 36. Kxg3 Bd7) 34. Ne6) 33... Kf5 34. Nc1
Bd7 (34... Re7 35. Rxe7 Bxe7 36. hxg5 fxg5 37. Bg7) 35. hxg5 fxg5 36. Nd3 Bf6
37. Ne5 Rh7 38. Nxd7 Rxd7 39. Bf8 Rd8 40. Be7 Re8 41. Bd6 (41. g4+ hxg4 42.
fxg4+ Kg6 43. Bxf6) 41... Rxe1 42. Kxe1 a4 43. Kf2 g4 44. Bc7 gxf3 (44... b5
45. fxg4+ (45. Bf4 h4 46. Bd2 h3 47. fxg4+ Kxg4 48. Bc1 Be7 49. Be3) 45... Kxg4
) 45. Kxf3 Bg5 46. Bxb6 Bc1 47. Bc5 Bxb2 48. Bb4 Bc1 49. Bf8 Bd2 50. Bb4 Be1
51. Ba5 c5 (51... Ke6 52. Bb4 (52. g4 h4) 52... Kd7 53. Kf4 Kc7 54. Kg5 Bxg3
55. Kxh5 Kb6 56. Kg4 Bc7 57. Kf5) 52. dxc5 d4 53. Ke2 Bxg3 54. cxd4 Ke6 (54...
Ke4 $142 55. c6 Kxd4 56. c7 Bxc7 57. Bxc7 $11) 55. Kf3 Bb8 $4 $18 (55... h4 $8
56. Ke4 h3 57. d5+ Kd7 58. Kf3 Bb8) 56. Ke4 h4 57. d5+ Kd7 58. d6 (58. c6+ $18
Kc8 59. Bb4 Kc7 60. Bd2 Kc8 61. Bf4) 58... Bxd6 1/2-1/2